Na klientov kvalitou Poštová banka sa chce priblížiť na "dosah ruky"

Rozhovor s prezidentom Poštovej banky, a.s. Charakteristika súčasného stavu slovenského bankovníctva a jeho perspektívy. Akcionári Poštovej banky. Postavenie Poštovej banky v našom bankovníctve. Vzájomný vzťah banka - klient. Bankové služby a produkty, ktoré poskytuje Poštová banka, a.s.

Na minha lista:
Detalhes bibliográficos
Autor principal: Lônčík, M.
Outros Autores: Bieliková, V.
Formato: Capítulo de Livro
Idioma:eslovaco
Assuntos:
Tags: Adicionar Tag
Sem tags, seja o primeiro a adicionar uma tag!

MARC

LEADER 00000naa a2200000 4500
001 r024663
005 20221213114137.0
041 0 |a slo 
044 |a SK 
245 1 0 |a Na klientov kvalitou  |b Poštová banka sa chce priblížiť na "dosah ruky"  |c M. Lônčík, V. Bieliková 
520 |a Rozhovor s prezidentom Poštovej banky, a.s. Charakteristika súčasného stavu slovenského bankovníctva a jeho perspektívy. Akcionári Poštovej banky. Postavenie Poštovej banky v našom bankovníctve. Vzájomný vzťah banka - klient. Bankové služby a produkty, ktoré poskytuje Poštová banka, a.s. 
610 2 0 |a Poštová banka, a.s. Bratislava 
610 2 0 |a akcionári 
610 2 0 |a bankovníctvo 
610 2 0 |a banky 
610 2 0 |a Slovensko 
610 2 0 |a služby finančné 
100 1 |a Lônčík, M. 
700 1 |a Bieliková, V.